| 000 | 00964nam a22002057a 4500 | ||
|---|---|---|---|
| 999 |
_c60026 _d60026 |
||
| 003 | Ge_BSU | ||
| 005 | 20230531100747.0 | ||
| 008 | 230531s1962 ge ||||| |||| 00| 0 geo d | ||
| 041 | _ageo | ||
| 080 | _a94(395.3) ლ-82 | ||
| 100 |
_aლომოური, ნ. _918338 |
||
| 245 |
_aკოლხეთის სანაპიროს ბერძნული კოლონიზაცია / _c ნ. ლომოური; რედ. ო. ჯაფარიძე. |
||
| 264 |
_aთბილისი : _bთბილ. უნ-ტის გამ-ბა და სტ., _c1962. |
||
| 300 |
_a109 გვ. : _b20 ფურც. ილ. ; _c21 სმ. |
||
| 504 | _aბიბლიოგრ: გვ. 89-90. | ||
| 520 | _aრეზუმე რუს. ენ. | ||
| 653 | _aკოლხეთის ბერძნული კოლონიზაცია | ||
| 700 |
_aჯაფარიძე, ო. _eრედაქტორი _917556 |
||
| 942 |
_2udc _cBK |
||